Tell My Why - Neil Young (Lyrics) - Statistics

General Stats
  • This quiz has been taken 3 times
  • The average score is 50 of 130
Answer Stats
Answer % Correct
me
100%
Tell
100%
why
100%
a
50%
All
50%
alone
50%
and
50%
be
50%
But
50%
but
50%
can
50%
for
50%
hard
50%
I
50%
in
50%
Is
50%
it
50%
make
50%
night
50%
on
50%
Out
50%
that
50%
the
50%
to
50%
When
50%
with
50%
you
50%
you're
50%
am
0%
around
0%
arrangements
0%
broken
0%
come
0%
dark
0%
enough
0%
free
0%
fright
0%
harbors
0%
heart
0%
his
0%
horse
0%
I'll
0%
later,
0%
lies
0%
lonely
0%
must
0%
old
0%
Racing
0%
repay
0%
ride
0%
Sailing
0%
searcher
0%
see
0%
sell?
0%
sell
0%
ships
0%
smile
0%
Still
0%
through
0%
waves
0%
way
0%
while
0%
young
0%
yourself
0%
No matching quizzes found
Score Distribution
Percent of People with Each Score
Percentile by Number Answered
Your Score History
You have not taken this quiz